| 000 | 00787nas a2200241 4500 | ||
|---|---|---|---|
| 001 | BR9504932 | ||
| 003 | BR-BrBNA | ||
| 005 | 20231205094424.0 | ||
| 007 | ta | ||
| 008 | 230509b bl.|||p| |||| 00| 00por d | ||
| 040 |
_aBR-BrBNA _bpor _cBiblioteca Nacional de Agricultura |
||
| 041 | _a(Pt) | ||
| 072 | _aF06 | ||
| 245 | 1 | _aIrrigacao de dois cultivares de feijao-de-corda (Vigna unguiculata (L.)Walp)em tres epocas de plantio sob dois niveis de irrigacao no vale do Curu | |
| 650 | _aFeijao de Corda | ||
| 650 | _aVariedade | ||
| 650 | _aIrrigacao | ||
| 650 | _aEpoca de Plantio | ||
| 650 | _aCeara | ||
| 773 | 0 |
_tCiencia Agronomica (Brazil) _xISSN 0045-6888 _g(Jun-Dec 1992), v. 23(1-2) p. 39-44 _wBR9504932 |
|
| 909 |
_a202311 _bLúcia _c55 _dLúcia Elande |
||
| 942 |
_2AGRIS _n0 _cANA |
||
| 999 |
_c144198 _d144198 |
||